[Event "Tripoli Winter op"]
[Site "Tripoli"]
[Date "2018.02.07"]
[Round "3"]
[White "Zenhom, Talaat"]
[Black "Ahmed, Osaman"]
[Result "1-0"]
[WhiteElo "2284"]
[BlackElo "1993"]
[PlyCount "87"]
[EventDate "2018.02.05"]
[EventType "swiss"]
[EventRounds "9"]
[EventCountry "LBY"]
[SourceTitle "CBM 182 Extra"]
[Source "ChessBase"]
[SourceDate "2018.02.23"]
[SourceVersion "1"]
[SourceVersionDate "2018.02.23"]
[SourceQuality "1"]

1. d4 Nf6 2. Nf3 g6 3. c4 Bg7 4. Nc3 0-0 5. Bg5 d6 6. e3 c5 7. Be2 Nc6 8. d5 Nb8 9. Qc2 Re8 10. 0-0 Nbd7 11. h3 a6 12. Rad1 Rb8 13. e4 h6 14. Bf4 g5 15. Bg3 g4 16. hxg4 Nxg4 17. Nh4 Nde5 18. Qd2 Ng6 19. Nf5 Bxf5 20. exf5 N6e5 21. f4 Nxc4 22. Bxc4 Bd4+ 23. Kh1 Ne3 24. Qe2 Kh7 25. Bd3 f6 26. Bf2 Nxf1 27. Rxf1 Bxf2 28. Rxf2 Rg8 29. Qh5 Qb6 30. g4 c4 31. Rh2 Kg7 32. Re2 Rbe8 33. Qg6+ Kf8 34. Qxh6+ Kf7 35. Qh7+ Rg7 36. Qh5+ Kf8 37. Be4 Qd4 38. g5 b5 39. g6 b4 40. Qh8+ Rg8 41. g7+ Kf7 42. Qh5+ Kxg7 43. Rg2+ Kf8 44. Qh6+ 1-0

[Event "Tripoli Naami op"]
[Site "Tripoli"]
[Date "2017.04.02"]
[Round "5"]
[White "Attalib, Osama A"]
[Black "Zenhom, Talaat"]
[Result "0-1"]
[WhiteElo "2105"]
[BlackElo "2282"]
[PlyCount "82"]
[EventDate "2017.03.30"]
[EventType "swiss"]
[EventRounds "9"]
[EventCountry "LBY"]
[SourceTitle "CBM 177 Extra"]
[Source "ChessBase"]
[SourceDate "2017.04.27"]
[SourceVersion "1"]
[SourceVersionDate "2017.04.27"]
[SourceQuality "1"]

1. e4 c5 2. Nf3 Nc6 3. d4 cxd4 4. Nxd4 Nf6 5. Nc3 e5 6. Ndb5 d6 7. Bg5 a6 8. Na3 b5 9. Nd5 Be7 10. Bxf6 Bxf6 11. c4 b4 12. Nc2 a5 13. g3 0-0 14. Bg2 Be6 15. 0-0 Bg5 16. Qd3 Rc8 17. b3 Nb8 18. Nce3 Na6 19. f4 Nc5 20. Qe2 exf4 21. gxf4 Bxd5 22. Nxd5 Bf6 23. Rad1 Re8 24. Qg4 Re6 25. e5 Bh4 26. f5 h5 27. Qxh5 Rxe5 28. Rf4 Bg5 29. Rf3 Bh6 30. Rg3 Kf8 31. Kh1 Nd7 32. Rgd3 Qe8 33. Qg4 Re1+ 34. Bf1 Nc5 35. Rd4 Rxd1 36. Rxd1 Ne4 37. Qg2 Nc3 38. Rd3 Qe1 39. Nxc3 bxc3 40. f6 c2 41. fxg7+ Bxg7 0-1